| 000 | 00590 a2200193 4500 | ||
|---|---|---|---|
| 005 | 20250618123121.0 | ||
| 020 | _a9781485139485 | ||
| 050 |
_aKTL 449.5 _bBOT 2022 |
||
| 100 |
_aBotha, Christo _eauthor |
||
| 245 |
_aStatutory Interpretation : _bAn Introduction for Students / _cChristo Botha |
||
| 250 | _asixth edition | ||
| 264 |
_aCape Town : _bJuta, _c2022 |
||
| 300 | _a257 pages | ||
| 336 |
_2rdacontent _atext _btxt |
||
| 337 |
_2rdamedia _aunmediated _bn |
||
| 338 |
_2rdacarrier _avolume _bnc |
||
| 650 | _aStatutory Interpretation | ||
| 942 |
_2lcc _cBK _esixth edition _h449.5 _iBOT _kKTL |
||
| 999 |
_c11603 _d11603 |
||